000 00777nam a22002297a 4500
005 20180410111456.0
010 _aENG-114229 B-690890-891
020 _a9789381234105
_c425.00
035 _aEN-97761
035 _aB-690890-891
037 _bDBAD/PUB
037 _bPansy
082 _a181.46
100 _a Manoj Kumar Singh
245 _aSwami Vivekananda :
_cby Manoj Kumar Singh
_bhis life and philosophy /
260 _aDelhi
_bAnkit Publications
_c2012
270 _aR-69, Model Town-III
_bDelhi
_e110009
300 _a148p.
_c22cm(Hb)
500 _aBalidani
942 _2ddc
_cEN
_mMAN
_h181.46
999 _c97670
_d97670